[Event "11th Tal Memorial Blitz 2018"]
[Site "Moscow"]
[Date "2018.03.05"]
[Round "8"]
[White "Nakamura, Hikaru"]
[Black "Grischuk, Alexander"]
[Result "1-0"]
[WhiteElo "2842"]
[BlackElo "2846"]
[Annotator "TA"]
[PlyCount "79"]
[EventDate "2018.??.??"]
[EventType "blitz"]
[EventCountry "RUS"]
[SourceTitle "playchess.com"]
[Source "ChessBase"]
[SourceQuality "1"]

{[%evp 9,79,-2,1,0,-6,-31,0,0,4,-20,-9,-37,-47,-37,-36,-41,-42,-35,-37,-99,-97,-75,-95,-97,-71,-64,-50,-52,-43,-44,-43,-47,-33,-56,-16,-20,-23,-31,41,22,48,30,94,68,82,67,70,50,50,44,314,324,355,355,531,530,530,523,575,573,477,413,1174,1169,29986,4627,1636,2099,29995,29991,29997,29998]} 1. Nf3 Nf6 2. b3 d5 3. Bb2 Bf5 4. g3 e6 5. Nh4 Be4 6. f3 {A06: Réti Opening:1 Nf3 d5} Bg6 7. Bg2 c5 {[%cal Bc7c5,Bc5d4][%mdl 32]} 8. Nxg6 {The position is equal.} hxg6 9. e4 Nc6 10. Qe2 $146 ({Predecessor:} 10. e5 Nd7 11. f4 g5 {1-0 (44) Grischuk,A (2772)-Ding,L (2777) Huaian 2017}) 10... Nd4 $36 {[%mdl 2048] Black has the initiative.} 11. Bxd4 cxd4 12. Qb5+ Qd7 13. Qxd7+ Kxd7 14. e5 {[#]} (14. exd5 $15 Nxd5 15. c4) 14... Ng8 $1 $17 15. c4 dxc3 16. Nxc3 Ne7 17. f4 Nf5 18. Ne2 Rc8 19. Kd1 Ba3 20. Rb1 a5 21. h4 Rc5 22. Bh3 Ne7 23. Nd4 Nc6 ({Better is} 23... Rhc8 $15) 24. Nc2 $14 Rxc2 25. Kxc2 Nb4+ {[#]} (25... Rc8 $11) 26. Kd1 $1 $16 Rc8 27. Bf1 Rc2 28. h5 gxh5 29. Rxh5 {Hoping for Bb5+.} g6 $2 {[%mdl 8192]} (29... Kc6 $14) 30. Rh7 $18 Ke7 {[#]} 31. Bd3 $1 {[%cal Rd3c2][%mdl 512]} Rc7 (31... Rc8 {was necessary.}) (31... Nxd3 32. Kxc2) 32. Bxg6 Kf8 33. Ke2 Nxa2 34. Rbh1 Nc1+ 35. Kf3 {Rh8+ is the strong threat.} Nxb3 (35... Ke8 $142 36. b4 Bxb4 37. Rxf7 Rxf7 38. Rxc1 Kf8 39. Bxf7 Kxf7 40. Rc7+ Kf8 41. Rxb7 Bxd2) 36. Rh8+ Kg7 37. Bd3 (37. R1h6 $142 Nxd2+ 38. Kg4 Rc8 39. R8h7+ Kf8 40. Rxf7+ Kg8 41. Rxb7 Bc5 42. Bf7+ Kg7 43. Rg6+ Kh7 44. Bxe6+ Rc7 45. Rxc7+ Be7 46. Rxe7+ Kxg6 47. Bf5+ Kh6 48. Rh7#) 37... Nxd2+ 38. Kg4 {[%csl Gd3,Gh8][%cal Rh1h7]} Ne4 39. Bxe4 dxe4 40. f5 {Precision: White = 72%, Black = 33%.} 1-0

[Event "11th Tal Memorial Blitz 2018"]
[Site "Moscow"]
[Date "2018.03.05"]
[Round "8"]
[White "Anand, Viswanathan"]
[Black "Mamedyarov, Shakhriyar"]
[Result "1-0"]
[WhiteElo "2801"]
[BlackElo "2714"]
[Annotator "TA"]
[PlyCount "81"]
[EventDate "2018.??.??"]
[EventType "blitz"]
[EventCountry "RUS"]
[SourceTitle "playchess.com"]
[Source "ChessBase"]
[SourceQuality "1"]

{[%evp 17,81,28,33,8,22,3,42,39,35,26,37,38,49,22,28,13,24,18,29,36,30,14,16,0,0,8,6,10,7,7,33,23,29,30,23,22,76,80,75,80,113,12,61,66,59,60,121,17,14,0,0,0,75,0,48,44,97,38,85,98,580,300,295,282,595,527]} 1. e4 e5 2. Nf3 Nf6 3. Nxe5 d6 4. Nf3 Nxe4 5. Nc3 Nxc3 6. dxc3 Be7 7. Be3 Nc6 8. Qd2 Be6 9. O-O-O a6 {LiveBook: 25 Games} (9... Bxa2 $2 10. b3 $18) 10. b3 $146 {C42: Petroff Defence: 3 Nxe5 and unusual White 3rd moves} ({Find the theoretical novelty and annotate with similar games:} 10. Ng5 Bxg5 11. Bxg5 Qd7 12. b3 f6 13. Be3 O-O-O 14. h3 Qf7 15. Be2 h5 16. Rhe1 Rhe8 17. f3 Qg6 {½-½ (69) Topalov,V (2757)-Anand,V (2786) Linares 2005}) 10... h6 11. Be2 Qd7 12. Kb1 {White is slightly better.} Bf6 13. Nd4 Nxd4 14. Bxd4 Bxd4 15. Qxd4 O-O 16. c4 Rfe8 17. Bf3 Rab8 {[%cal Ba8b8,Bb8b5,Bb5c5,Bc5c2][%mdl 32]} 18. c5 d5 19. h4 b6 20. Rhe1 bxc5 21. Qxc5 {[%cal Rf3d5]} Rb5 22. Qa3 Qc6 23. Qb2 a5 24. c4 Rc5 25. cxd5 Bf5+ {[%cal Be6f5,Bf5h7,Bh7c2][%mdl 32]} 26. Ka1 Qd7 (26... Qb5 $11 {remains equal.}) 27. Qd4 Rc2 28. g4 Bh7 {[#]} 29. Rxe8+ (29. g5 $1 $16 hxg5 30. hxg5) 29... Qxe8 $14 30. d6 cxd6 31. Qxd6 $40 {[%mdl 128] White has some attack.} Rc8 (31... Qf8 $14) 32. Qd4 ({White should play} 32. Bb7 $16 Bc2 33. Rc1 (33. Bxc8 Bxd1 34. Qxd1 Qxc8 $16)) 32... Qe7 $11 33. h5 (33. Bb7 {NOTEXT} Re8 34. Bc6 Rc8 35. Bd5 Qxh4 36. f4) 33... Bc2 34. Rc1 {Threatens to win with Kb2.} Rd8 {[#]} (34... a4 $11 {keeps the balance.} 35. Bd5 (35. bxa4 Rd8 $14) 35... axb3 36. Bxb3 Bf5 37. Rxc8+ Bxc8) 35. Qb2 (35. Qc3 $1 $16 Bh7 36. Rd1 (36. Qxa5 Qf6+ 37. Rc3 Rc8 $17)) 35... Bd3 36. Qc3 f5 (36... Qg5 $14) 37. Rd1 (37. Qxa5 $16 {Black must now prevent Rc7.} Qf6+ 38. Qc3) 37... fxg4 38. Bxg4 Be4 $2 {[%mdl 8192]} (38... Bb5 $16 {is a better chance.} 39. Rxd8+ Qxd8) 39. Re1 Qb7 40. Qxa5 Rd5 $2 (40... Ra8 41. Be6+ Kh8) 41. Be6+ {Precision: White = 32%, Black = 30%.} 1-0

[Event "11th Tal Memorial Blitz 2018"]
[Site "Moscow"]
[Date "2018.03.05"]
[Round "8"]
[White "Svidler, Peter"]
[Black "Fedoseev, Vladimir"]
[Result "1-0"]
[WhiteElo "2793"]
[BlackElo "2724"]
[Annotator "TA"]
[PlyCount "57"]
[EventDate "2018.??.??"]
[EventType "blitz"]
[EventCountry "RUS"]
[SourceTitle "playchess.com"]
[Source "ChessBase"]
[SourceQuality "1"]

{[%evp 14,57,29,11,37,19,21,0,16,6,23,32,66,43,49,24,70,68,81,75,227,258,353,287,256,252,673,672,660,660,972,972,972,972,972,972,960,945,876,589,3797,3797,2545,2387,29963,2290]} 1. Nf3 Nf6 2. c4 c6 3. e3 d5 4. Nc3 a6 5. Qc2 g6 6. d4 Bg7 7. Be2 O-O 8. O-O {LiveBook: 16 Games} b6 $146 {D10: Slav Defence: 3 cxd5 (without early Nf3) and 3 Nc3} ({Predecessor:} 8... Be6 9. b3 Nbd7 10. Ba3 Re8 11. Rac1 Rc8 12. Na4 Bf5 13. Qb2 e6 14. Nc3 Bg4 15. Rfd1 Bf8 16. Bxf8 Rxf8 {1-0 (59) Nepomniachtchi,I (2721)-Ivanchuk,V (2731) Beijing 2013}) 9. h3 Bb7 10. e4 dxe4 {The position is equal.} 11. Nxe4 Nbd7 12. Nxf6+ Bxf6 13. c5 a5 14. Rd1 Qb8 15. Bh6 Rd8 16. Ng5 bxc5 $2 {[#]} (16... a4 $16) 17. Nxf7 $1 $18 {[%mdl 512]} Kxf7 {[#]} 18. Bc4+ $1 e6 {[#]} ({Avoid the trap} 18... Ke8 $2 19. Qb3 $18) 19. Bxe6+ $1 $40 {[%mdl 640] White has strong attack.} Kxe6 $2 (19... Ke7) 20. Qc4+ Ke7 {And now ...g5 would win.} 21. Re1+ Be5 22. dxe5 Nxe5 23. Qh4+ Kf7 24. Bf4 Rd5 25. Qxh7+ Kf6 26. Re3 Ra7 27. Rae1 {Bxe5+ would kill now.} Bc8 28. Bxe5+ Rxe5 29. Qh8+ {Precision: White = 72%, Black = 34%.} (29. Qh4+ $142 Ke6 30. Qf4 Ke7 31. Rxe5+ Qxe5 32. Qxe5+ Kf7 33. Qh8 g5 34. Qh7+ Kf6 35. Qxa7) 1-0

[Event "11th Tal Memorial Blitz 2018"]
[Site "Moscow"]
[Date "2018.03.05"]
[Round "8"]
[White "Kramnik, Vladimir"]
[Black "Andreikin, Dmitry"]
[Result "1-0"]
[WhiteElo "2784"]
[BlackElo "2712"]
[Annotator "TA"]
[PlyCount "65"]
[EventDate "2018.??.??"]
[EventType "blitz"]
[EventCountry "RUS"]
[SourceTitle "playchess.com"]
[Source "ChessBase"]
[SourceQuality "1"]

{[%evp 24,65,26,28,40,40,124,126,103,110,121,124,117,117,133,116,169,162,188,186,196,182,181,177,271,268,272,258,350,347,333,332,518,503,1115,1118,1117,1115,1115,1062,1032,971,989,967]} 1. e4 c5 2. Nf3 e6 3. d4 cxd4 4. Nxd4 Nc6 5. Nc3 a6 6. Nxc6 bxc6 7. Bd3 d5 8. O-O Nf6 9. Qf3 {B46: Sicilian: Taimanov: 5 Nc3 a6} (9. Bf4 Be7 10. Qe2 O-O 11. Rad1 Bb7 12. b3 Re8 13. Na4 c5 14. c4 d4 15. e5 Nd7 16. Rfe1 Qc7 17. Bg3 g6 18. Qd2 {0-1 (46) Kasimdzhanov,R (2683)-Movsesian,S (2647) Riadh 2017}) 9... Be7 10. Qg3 O-O 11. Bh6 Ne8 12. Bf4 Bh4 13. Qf3 $1 {LiveBook: 6 Games} Bg5 14. Na4 {[#]} Qf6 $146 ({Black should play} 14... Bxf4 $14 15. Qxf4 Nf6) ({Predecessor:} 14... Bxf4 15. Qxf4 Qc7 16. e5 Nf6 {1-0 (85) Bobras,P (2531)-Bai,J (2519) Germany 2015}) 15. Bxg5 Qxg5 16. Nb6 Rb8 17. Nxc8 Rxc8 18. Bxa6 Rb8 19. b3 Nd6 (19... Nf6 $16) 20. Bd3 $18 f5 {[%cal Rf5e4]} 21. exd5 cxd5 22. a4 Ne4 23. Rfe1 e5 (23... Rf7 {was worth a try.} 24. a5 (24. Bxe4 fxe4 25. Qg3 Qxg3 $16) 24... Ra7) 24. a5 (24. Bxe4 $6 fxe4 25. Qe2 Qe7 $16) 24... Qf6 25. a6 ({Resist} 25. Bxe4 $6 fxe4 26. Qe2 Ra8 $18) 25... Nc3 {and if ...e4 works, Black does fine.} 26. a7 Ra8 27. Ra6 Qe7 (27... Qf7 {was called for.} 28. Rxe5 Rxa7 29. Rxf5 Rxa6 30. Rxf7 Rxf7 31. Bxh7+ (31. Bxa6 Rxf3 32. gxf3 Kf7 $18) 31... Kxh7 32. Qd3+ Rg6 33. Qxc3 Rgf6) 28. Bxf5 {White is clearly winning.} Qc7 (28... Ne4 $142 29. Rea1 Kh8) 29. Be6+ Kh8 {[#]} 30. Qxf8+ $1 {[%mdl 512]} Rxf8 31. a8=Q {[%cal Ra8f8]} Qc5 {[#]} 32. Qxf8+ $3 Qxf8 33. Rc6 {Precision: White = 94%, Black = 23%.} 1-0

[Event "11th Tal Memorial Blitz 2018"]
[Site "Moscow"]
[Date "2018.03.05"]
[Round "8"]
[White "Artemiev, Vladislav"]
[Black "Gelfand, Boris"]
[Result "1/2-1/2"]
[WhiteElo "2697"]
[BlackElo "2745"]
[Annotator "TA"]
[PlyCount "101"]
[EventDate "2018.??.??"]
[EventType "blitz"]
[EventCountry "RUS"]
[SourceTitle "playchess.com"]
[Source "ChessBase"]
[SourceQuality "1"]

{[%evp 9,101,0,9,-25,-25,-36,-29,-28,-19,-45,-40,-91,-90,-84,-91,-91,-46,-89,-68,-138,-74,-150,-135,-128,-118,-157,-85,-81,-91,-129,-120,-108,-110,-116,-116,-200,-106,-106,-70,-66,0,-91,-92,-91,-97,-91,-96,-144,-98,-232,-162,-166,-147,-160,-158,-165,-19,-35,0,0,17,13,24,0,0,0,0,0,0,0,0,0,0,0,0,0,7,7,8,7,8,8,8,8,8,0,8,7,8,8,8,7,7,0]} 1. Nf3 c5 2. c3 Nf6 3. d4 d5 4. e3 Nbd7 5. Nbd2 g6 6. b4 {D05: Colle System with ...e6} c4 $146 ({Predecessor:} 6... b6 7. a4 Bg7 8. Ba3 Qc7 9. Be2 O-O 10. O-O c4 11. b5 Re8 12. Qc2 Bb7 13. Rfe1 {0-1 (41) Lopukhin,A (2361)-Volkov,S (2618) Taganrog 2015}) 7. Be2 Bg7 8. O-O {Black has an edge.} O-O 9. Qc2 Nb6 10. e4 (10. a4 $15) 10... Nxe4 $17 11. Nxe4 Bf5 12. Nfd2 dxe4 13. Nxe4 e5 14. d5 (14. dxe5 $15 Bxe5 15. Bf3) 14... Nxd5 ({Better is} 14... Qxd5 15. f3 Qc6) 15. Bf3 (15. Bxc4 $142 Rc8 16. Bg5 Bxe4 17. Qxe4 Nxc3 18. Qe3) 15... Nf4 16. Rd1 Qc7 17. g4 Bc8 ({Black should try} 17... Bd7 18. Bxf4 exf4) 18. Bxf4 exf4 19. Nd6 Be6 20. Nxb7 {[#]} Bxg4 $1 {[%mdl 512]} 21. Bxg4 {Bf3 is the strong threat.} Qxb7 22. Rd7 {[#]} (22. Qe2 $17 {was necessary.}) 22... Qc6 (22... Qb5 $1 $19 {[%cal Rb5g5]} 23. Qd1 Bxc3) 23. Rad1 Qf6 {Strongly threatening ...Qg5.} 24. Bf3 Rac8 (24... Qg5+ $15 25. Kf1 Rad8) 25. Rc1 {[#]} (25. Rxa7 $11 Qxc3 26. Qxc3 Bxc3 27. b5) 25... a5 $1 {[%mdl 512]} 26. bxa5 Qg5+ 27. Kh1 Qxa5 28. Qd2 Rcd8 29. Rc2 (29. Rxd8 $17 Rxd8 30. Qxf4) 29... Rxd7 30. Qxd7 Bxc3 31. Bd5 Be5 32. Rxc4 Qe1+ ({But not} 32... Qxa2 33. Rc8 $17) (32... f3 $19 {( -> ...Qe1#)} 33. Bxf3 Qxa2) 33. Kg2 $15 f3+ 34. Bxf3 Qb1 35. a4 {[%cal Ba2a4,Ba4a5,Ba5a6][%mdl 32]} Qb6 36. Bd5 Qf6 {The position is equal.} 37. a5 Rd8 38. Rc8 Rxc8 39. Qxc8+ Kg7 40. Qc4 Qg5+ 41. Kf1 Bxh2 42. a6 $1 {[%cal Ra6a7] Black must now prevent a7.} Bb8 43. Bxf7 Ba7 $132 {[%mdl 2048] Hoping for ...Qf6. Black is fighting back} 44. Bd5 {Threatens to win with Qc7+.} Qe7 45. Qc3+ Kh6 46. Qh3+ Kg7 47. Qc3+ Kh6 48. Qc1+ Kg7 49. Qb2+ Kh6 50. Qd2+ Qg5 51. Qxg5+ {Precision: White = 51%, Black = 50%.} 1/2-1/2

[Event "11th Tal Memorial Blitz 2018"]
[Site "Moscow"]
[Date "2018.03.05"]
[Round "8"]
[White "Morozevich, Alexander"]
[Black "Dubov, Daniil"]
[Result "1-0"]
[WhiteElo "2665"]
[BlackElo "2767"]
[Annotator "TA"]
[PlyCount "155"]
[EventDate "2018.??.??"]
[EventType "blitz"]
[EventCountry "RUS"]
[SourceTitle "playchess.com"]
[Source "ChessBase"]
[SourceQuality "1"]

{[%evp 28,155,17,10,20,4,22,10,43,41,38,39,45,42,42,50,58,41,35,40,77,96,140,137,118,118,135,135,118,110,111,92,85,76,216,231,198,135,158,146,254,261,234,154,286,278,328,150,156,158,150,153,143,120,137,120,104,71,77,80,183,170,241,240,293,282,329,300,254,0,323,322,329,329,321,318,364,354,344,315,314,0,329,315,329,329,577,266,103,264,253,142,413,272,483,452,402,386,376,373,362,268,355,80,80,75,29979,29980,29980,29981,29982,29983,29983,29984,29984,29984,29984,29985,29985,29982,29981,0,29985,29986,29986,29987,29987,29988,29987,29988]} 1. e4 c5 2. Nf3 Nc6 3. d4 cxd4 4. Nxd4 Nf6 5. Nc3 e5 6. Ndb5 d6 7. Bg5 a6 8. Na3 b5 9. Nd5 Be7 10. Bxf6 Bxf6 11. c4 b4 {B33: Sicilian: Pelikan and Sveshnikov Variations} 12. Nc2 O-O 13. g3 Rb8 14. b3 Be6 15. h4 {[#] LiveBook: 18 Games} Rb7 $146 ({Predecessor:} 15... g6 16. Nxf6+ Qxf6 17. Bg2 Rfd8 18. O-O a5 19. Qe2 {½-½ (61) Balogh,C (2643)-Moiseenko,A (2715) Ningbo 2011}) 16. Rc1 (16. Qd2 {feels hotter.} a5 17. Rd1 Be7 18. Bh3 Bf6 19. Qe2) 16... a5 17. Bh3 (17. Bg2 {looks sharper.} Be7 18. O-O Qd7 19. Qd3 Bd8 20. Nce3) 17... Bxd5 18. cxd5 Na7 19. Bf1 Qb8 20. Ne3 Bd8 21. Ba6 Rc7 22. O-O Rxc1 23. Qxc1 g6 24. Nc4 Bb6 25. h5 Bd4 26. Kg2 Qd8 27. f4 exf4 28. Qxf4 Qe7 29. hxg6 hxg6 30. Qh4 $40 {[%mdl 128] White goes for the king.} Re8 (30... Qxh4 $16 31. gxh4 Nc8) 31. Qxe7 $18 Rxe7 32. Kf3 ({Less strong is} 32. Nxa5 Rxe4 33. Nc6 Bc5 $14) (32. Nxd6 $18 Bc5 33. Nb7) 32... Bc5 33. Nxa5 f5 (33... Kf8 $16 34. Rh1 Kg7) 34. exf5 gxf5 35. Kg2 Re3 (35... Bb6 $16 {keeps fighting.}) 36. Nb7 Rc3 37. Nxc5 (37. Rxf5 $18 Kg7 38. Nd8) 37... Rxc5 $16 38. Rxf5 $18 {[%mdl 4096] Endgame KRB-KRN} Ra5 39. Bc4 Rxa2+ 40. Kh3 Nc8 41. Rf4 Kg7 42. Bb5 Nb6 43. Rxb4 {Bc6 is the strong threat.} Nxd5 {[#]} (43... Rd2 $16 {is a better defense.}) 44. Rd4 $1 {[%cal Rd4d5]} Nc3 (44... Ne3 $142 45. Rxd6 Ra8) 45. Bc4 Kf6 46. Rxd6+ Ke5 47. Re6+ Kd4 48. Rd6+ Ke5 $1 {[%cal Re5d6]} 49. Rd3 Ne4 50. Rd5+ Kf6 51. Kg4 Nf2+ 52. Kf3 Nh3 53. Ke3 Rg2 {[#]} 54. Kf3 $2 (54. Rd6+ $1 $18 Kf5 55. Rd5+ Kg4 56. b4) 54... Rb2 $2 {[%mdl 8192]} (54... Ra2 $1 $11 {and Black stays safe.} 55. g4 Rc2 56. Rf5+ Kg6 57. Bf7+ Kh6) 55. Rd6+ Ke5 56. Re6+ Kf5 $2 (56... Kd4 {was necessary.} 57. Re4+ Kc5) 57. Re8 (57. g4+ $142 Kg5 58. Kg3) 57... Ng5+ 58. Ke3 Rg2 59. Bd3+ (59. b4 $18) 59... Kg4 $2 {[%mdl 8192]} (59... Kf6 $16 {might work better.}) 60. Be2+ Kxg3 $2 (60... Kf5 61. g4+ Kf6 62. Rf8+ Ke7) 61. b4 {[%cal Bb3b4,Bb4b5][%mdl 32]} Rg1 62. b5 Rb1 63. Rg8 Kh4 64. Bd3 Rb4 65. Rd8 $2 (65. Rg6 $18 {and White stays clearly on top.}) 65... Ne6 $16 66. Rd6 Nc5 $2 {[%mdl 8192]} (66... Nc7 $16) 67. Rd4+ Rxd4 68. Kxd4 {KB-KN} Na4 69. Bc2 Nb6 70. Kc5 Nd7+ 71. Kc6 Ne5+ 72. Kc7 Nc4 73. Bd3 Nb2 74. Bc2 Nc4 75. Bb3 {White mates.} Nd2 76. Bd5 Nb1 77. b6 Nc3 78. Bc6 {Precision: White = 52%, Black = 38%.} 1-0

[Event "11th Tal Memorial Blitz 2018"]
[Site "Moscow"]
[Date "2018.03.05"]
[Round "9"]
[White "Grischuk, Alexander"]
[Black "Kramnik, Vladimir"]
[Result "1-0"]
[WhiteElo "2846"]
[BlackElo "2784"]
[Annotator "TA"]
[PlyCount "69"]
[EventDate "2018.??.??"]
[EventType "blitz"]
[EventCountry "RUS"]
[SourceTitle "playchess.com"]
[Source "ChessBase"]
[SourceQuality "1"]

{[%evp 13,69,2,8,-29,-19,-14,31,17,42,0,4,-26,32,17,20,-58,-14,-48,-35,-45,0,-237,-252,-248,-235,-261,-268,-323,-81,-85,-41,-27,0,0,0,-320,-333,-335,-325,-324,-316,-416,182,187,448,445,414,397,29990,29991,29992,29993,29993,29994,29994,29990,29989,29978]} 1. Nf3 d5 2. e3 Nf6 3. c4 e6 4. Nc3 Be7 5. b3 O-O 6. Bb2 dxc4 {A13: English Opening: 1...e6} (6... c5 7. cxd5 Nxd5 8. Nxd5 exd5 9. d4 Qa5+ 10. Qd2 Qxd2+ 11. Kxd2 Nc6 12. dxc5 Bxc5 13. Bb5 Bb4+ 14. Ke2 Be6 15. Rac1 Rac8 {1-0 (55) Carlsen,M (2834)-Giri,A (2752) Wijk aan Zee 2018}) 7. bxc4 c5 {LiveBook: 3 Games} 8. Rg1 $146 ({Predecessor:} 8. Be2 Nc6 9. O-O b6 10. Qa4 Bb7 11. Rfd1 Qd7 12. Rac1 {½-½ (12) Meskovs,N (2495)-Mirzoev,A (2535) Innsbruck 2017}) 8... Nc6 {Black has an edge.} 9. g4 {[%cal Bg2g4,Bg4g5][%mdl 32]} a6 10. g5 Ne8 {[%cal Bf6e8,Be8d6,Bd6e4][%mdl 32]} 11. h4 Nd6 12. h5 f5 ({Black should play} 12... f6 $11) 13. Be2 Rb8 14. a4 (14. Qc2 $11) 14... Bd7 15. d4 cxd4 16. exd4 Ne4 17. Nxe4 $2 (17. Kf1 $11 {and White stays safe.}) 17... fxe4 $19 18. Nd2 Qa5 (18... Bxg5 19. Nxe4 Bf4 20. d5 $11) 19. Qb3 Rxf2 {Hoping for ...Rbf8.} ({Don't play} 19... Bxg5 20. O-O-O $19) 20. Qe3 Rf5 $2 (20... Rbf8 $19 {is more deadly.} 21. O-O-O Qxa4 22. Nxe4 R8f3 $1 {[%mdl 512]} 23. Qxf2 Rxf2 24. Nxf2 Ba3) 21. O-O-O $17 Qxa4 22. Nxe4 Nb4 {[%csl Gb4][%cal Ra4c2]} 23. Rd2 Rc8 {[#] And now ...Nd5 would win.} 24. Nc5 $2 {[%mdl 8192]} (24. d5 $1 $11 {[%mdl 512]}) 24... Rcxc5 $1 $19 ({Much less strong is} 24... Bxc5 25. dxc5 Rfxc5 26. Qa3 $19 (26. Qd4 $2 e5 $19)) 25. dxc5 Bxc5 26. Qg3 {With the idea g6.} Bxg1 27. Qxg1 {aiming for g6.} Qc6 $4 {[%mdl 8192] [#]} (27... Qb3 $19 28. Bd4 Na2+ 29. Rxa2 Qxa2) 28. Qd4 $1 $40 {[%csl Gb2][%cal Rd4g7][%mdl 128] White is out for blood.} Rf7 $2 {[#]} (28... Rxg5 29. Qxd7 Rg1+ 30. Bd1 Qxc4+ 31. Kb1 Qa2+ 32. Kc1 Qc4+ 33. Kb1 Qa2+ 34. Kc1 Qc4+) 29. g6 $1 {[%cal Rg6f7]} hxg6 30. hxg6 Re7 $2 (30... Qh1+ $18 31. Bd1 Re7) 31. Qh4 {White mates.} Na2+ 32. Kb1 Nc3+ 33. Bxc3 Qb6+ 34. Kc1 Qg1+ 35. Bd1 {Precision: White = 45%, Black = 30%.} 1-0

[Event "11th Tal Memorial Blitz 2018"]
[Site "Moscow"]
[Date "2018.03.05"]
[Round "9"]
[White "Nepomniachtchi, Ian"]
[Black "Nakamura, Hikaru"]
[Result "0-1"]
[WhiteElo "2768"]
[BlackElo "2842"]
[Annotator "TA"]
[PlyCount "88"]
[EventDate "2018.??.??"]
[EventType "blitz"]
[EventCountry "RUS"]
[SourceTitle "playchess.com"]
[Source "ChessBase"]
[SourceQuality "1"]

{[%evp 19,88,41,35,17,8,3,17,10,20,21,24,-8,-4,-12,-12,-13,-1,-10,-10,-17,-8,-75,-81,-105,-99,-99,-103,-102,-93,-186,-178,-173,-52,-399,-395,-824,-445,-447,-640,-580,-422,-29985,-29986,-29989,-565,-1252,-852,-758,-758,-1071,-1040,-7557,-7437,-5078,-2226,-29968,-29969,-6307,-6283,-5169,-972,-3118,-2527,-4432,-3361,-5308,-5302,-29972,-29973,-29986,-5210]} 1. e4 e5 2. Nf3 Nc6 3. Bb5 Nf6 4. O-O Nxe4 5. Re1 Nd6 6. Nxe5 Be7 7. Bf1 Nf5 {C67: Ruy Lopez: Berlin Defence: 4 0-0 Nxe4} 8. Nf3 O-O 9. d4 d5 10. c3 Re8 {LiveBook: 17 Games} 11. b3 $146 ({Predecessor:} 11. Bd3 Bd6 12. Rxe8+ Qxe8 13. Nbd2 Bd7 14. Nf1 g6 15. Bg5 {½-½ (37) Bruzon Batista,L (2643)-Nakamura,H (2792) Tbilisi 2017}) 11... Nd6 12. Nbd2 Bf5 13. Bb2 Ne4 14. Nxe4 Bxe4 15. Bd3 Bd6 16. Bxe4 dxe4 17. Nd2 $1 f5 ({Much worse is} 17... Qh4 $6 18. g3 $16) 18. Nc4 Qh4 19. Nxd6 cxd6 20. c4 (20. f3 $11) 20... Nb4 $17 21. Re3 Nd3 $36 {[%mdl 2048] Black is in control.} 22. Qd2 f4 23. Rh3 Qf6 24. Rf1 {[#]} (24. f3 $17 Nxb2 25. Qxb2) 24... d5 $1 {[%mdl 512]} 25. cxd5 Rad8 (25... Qf5 $19 26. Bc3 Rad8) 26. Rh5 $2 {[%mdl 8192]} (26. f3 $1 $15 Nxb2 27. Qxb2) 26... Qg6 $19 27. Re5 $2 (27. Rh3 Rxd5 28. Ba3) 27... Nxe5 28. dxe5 f3 {[%csl Gf3][%cal Rg6g2]} 29. g3 {[#]} Qe6 $1 {[%mdl 512]} 30. Kh1 (30. dxe6 $19 Rxd2 31. Ba3) 30... Rxd5 31. Qc2 Qc6 (31... Red8 $142 32. Qxe4 Qh3 33. Rg1 Qg2+ $1 {[%mdl 512]} 34. Rxg2 Rd1+ 35. Qe1 Rxe1+ 36. Rg1 Rxg1+ 37. Kxg1 Rd1#) 32. Qb1 Rd2 33. Bc1 Rd3 34. Be3 Rxe5 {White must now prevent ...Qd7.} 35. h4 Qd7 {( -> ...Qh3+)} 36. Kh2 {[#]} Rxe3 $1 37. fxe3 {[%mdl 4096] Endgame KQR-KQR} Qd2+ 38. Kh3 h5 {[%csl Gf3][%cal Rd2g2]} 39. Rg1 f2 (39... Qd7+ $142 40. g4 f2) 40. Rf1 Qxe3 41. Qc2 Rf5 42. Qc8+ Rf8 43. Qe6+ Kh7 44. Qe5 Qf3 {Precision: White = 13%, Black = 61%.} (44... Qe2 $142 45. Qa1 Qf3 46. Kh2 e3 47. Qb1+ Kh8 48. Qd3 e2 49. Qxf3 Rxf3 50. Kg2 e1=Q 51. Rxe1 fxe1=Q 52. Kxf3 Kg8 53. a4 Qd1+ 54. Ke3 Qxb3+ 55. Kf4 Qxa4+ 56. Kf3 Qd1+ 57. Kf4 {[#]} g5+ $1 {[%mdl 512]} 58. Ke4 a5 59. Kf5 Qd5+ 60. Kf6 g4 61. Ke7 Kg7 62. Ke8 Kf6 63. Kf8 Qf7#) 0-1

[Event "11th Tal Memorial Blitz 2018"]
[Site "Moscow"]
[Date "2018.03.05"]
[Round "9"]
[White "Dubov, Daniil"]
[Black "Anand, Viswanathan"]
[Result "1-0"]
[WhiteElo "2767"]
[BlackElo "2801"]
[Annotator "TA"]
[PlyCount "61"]
[EventDate "2018.??.??"]
[EventType "blitz"]
[EventCountry "RUS"]
[SourceTitle "playchess.com"]
[Source "ChessBase"]
[SourceQuality "1"]

{[%evp 9,61,-6,7,-8,0,-7,0,-10,-11,0,0,0,0,0,-21,0,12,14,33,27,41,23,32,25,32,0,0,0,0,-18,-20,-31,129,112,105,93,426,444,573,414,581,397,385,399,905,910,995,976,1052,1061,1143,1130,1081,1097]} 1. c4 e5 2. Nc3 Bb4 3. Nd5 a5 4. Nf3 (4. g3 Nf6 5. Bg2 Nxd5 6. cxd5 O-O 7. a3 Bc5 8. d3 c6 9. Nf3 Re8 10. dxc6 Nxc6 11. O-O d5 {½-½ (114) Howell,D (2676)-Artemiev,V (2691) Riadh 2017}) 4... d6 5. g3 c6 $146 ({Predecessor:} 5... Bc5 6. d4 exd4 7. Nxd4 c6 8. Nc3 Qb6 9. e3 Nf6 10. Bg2 O-O 11. O-O Re8 {½-½ (41) Hansen,T (2428)-Rasmussen,E (2287) ICCF email 2005}) 6. Ne3 {A21: English Opening: 1...e5 2 Nc3} Nf6 7. Bg2 O-O 8. O-O {The position is equal.} Re8 9. d4 exd4 10. Nxd4 Na6 11. Nec2 Bc5 12. b3 Nb4 13. Bb2 Bg4 14. Ne3 Bh5 15. a3 Na6 16. Ndf5 Bg6 17. Nxg7 Kxg7 18. Ng4 $36 {[%mdl 2048] White has some pressure.} Re6 19. b4 axb4 20. axb4 Nxb4 $2 {[#]} (20... Bxb4 $15 {keeps the upper hand.} 21. Qc1 Kg8 22. Nxf6+ Rxf6) 21. Rxa8 $1 $16 Qxa8 22. Qd2 {Qh6+ is the strong threat.} Kf8 $2 {[%mdl 8192]} (22... Qd8 $16 {is a better chance.}) 23. Nxf6 $18 Qd8 24. Qh6+ Ke7 25. Bf3 Nc2 26. Qh4 Qa5 $2 {[#]} (26... Nd4 27. Bxd4 Bxd4) 27. Nxh7+ {White is clearly winning.} Ke8 28. Nf6+ Kd8 29. Bg4 Kc7 30. Bxe6 fxe6 31. Qh6 {Precision: White = 85%, Black = 29%.} 1-0